Every BLAST Premier winner - Statistics

General Stats
  • This quiz has been taken 9 times
    7 since last reset
  • The average score is 196 of 246
Answer Stats
Event cat answer % Correct
BLAST Premier: Fall 2020 Regular Season (1/3) | BLAST Premier: Spring Groups 2024 (3/4) Players Aleksib
100%
BLAST Premier: Fall 2020 | BLAST Premier: Fall 2020 Regular Season (2/3) | BLAST Premier: Fall Final 2023 | +5 others Players apEX
100%
BLAST Premier: Fall Finals 2021 | BLAST Premier: Fall Groups 2021 (3/3) | BLAST Premier: Fall Groups 2022 (2/3) | +3 others Players b1t
100%
BLAST Premier: Fall Finals 2021 | BLAST Premier: Fall Groups 2021 (3/3) | BLAST Premier: Global Final 2020 | +3 others Players Boombl4
100%
BLAST Premier: Fall Groups 2023 (3/3) | BLAST Premier: Spring 2020 Regular Season (1/3) | BLAST Premier: Spring Groups 2022 (3/3) | +2 others Players broky
100%
BLAST Premier: Spring 2020 European Finals | BLAST Premier: Spring Groups 2021 (2/3) Team Complexity Gaming
100%
BLAST Premier: Fall Finals 2021 | BLAST Premier: Fall Groups 2021 (3/3) | BLAST Premier: Fall Groups 2022 (2/3) | +2 others Players electroNic
100%
BLAST Premier: Global Final 2020 | BLAST Premier: Spring 2020 Regular Season (2/3) | BLAST Premier: Spring Groups 2021 (3/3) Players electronic
100%
BLAST Premier: Fall Groups 2023 (3/3) | BLAST Premier: Spring 2020 Regular Season (1/3) | BLAST Premier: Spring Groups 2024 (2/4) Team FaZe Clan
100%
BLAST Premier: Spring Groups 2022 (3/3) | BLAST Premier: Spring Groups 2023 (1/3) Team Faze Clan
100%
BLAST Premier: Fall Final 2023 | BLAST Premier: Fall Groups 2022 (1/3) | BLAST Premier: Spring Groups 2022 (2/3) | +2 others Players flameZ
100%
BLAST Premier: Global Final 2020 | BLAST Premier: Spring 2020 Regular Season (2/3) | BLAST Premier: Spring Groups 2021 (3/3) Players flamie
100%
BLAST Premier: Spring Groups 2024 (2/4) Players frozen
100%
BLAST Premier: Fall Finals 2022 | BLAST Premier: Fall Groups 2023 (2/3) | BLAST Premier: Spring Final 2023 Team Heroic
100%
BLAST Premier: Spring Groups 2024 (3/4) Players iM
100%
BLAST Premier: Spring Groups 2024 (3/4) Players jL
100%
BLAST Premier: Fall Groups 2023 (3/3) | BLAST Premier: Spring Groups 2022 (3/3) | BLAST Premier: Spring Groups 2023 (1/3) | BLAST Premier: Spring Groups 2024 (2/4) Players karrigan
100%
BLAST Premier: Fall Final 2023 | BLAST Premier: Spring Groups 2024 (1/4) | BLAST Premier: World Final 2023 Players mezii
100%
BLAST Premier: Fall Finals 2021 | BLAST Premier: Fall Groups 2021 (3/3) | BLAST Premier: Fall Groups 2022 (2/3) | +6 others Team Natus Vincere
100%
BLAST Premier: Fall Groups 2021 (2/3) | BLAST Premier: Fall Groups 2023 (1/3) Team Ninjas in Pyjamas
100%
BLAST Premier: Fall 2020 Regular Season (1/3) | BLAST Premier: Fall Groups 2022 (1/3) | BLAST Premier: Spring Groups 2022 (2/3) Team OG
100%
BLAST Premier: Spring 2020 Regular Season (1/3) Players olofmeister
100%
BLAST Premier: Fall Finals 2021 | BLAST Premier: Fall Groups 2021 (3/3) | BLAST Premier: Fall Groups 2022 (2/3) | +5 others Players Perfecto
100%
BLAST Premier: Fall Groups 2023 (3/3) | BLAST Premier: Spring 2020 Regular Season (1/3) | BLAST Premier: Spring Groups 2022 (3/3) | BLAST Premier: Spring Groups 2024 (2/4) Players rain
100%
BLAST Premier: Fall Groups 2023 (3/3) | BLAST Premier: Spring Groups 2022 (3/3) | BLAST Premier: Spring Groups 2023 (1/3) | BLAST Premier: Spring Groups 2024 (2/4) Players ropz
100%
BLAST Premier: Fall Finals 2021 | BLAST Premier: Fall Groups 2021 (3/3) | BLAST Premier: Fall Groups 2022 (2/3) | +5 others Players s1mple
100%
BLAST Premier: Fall Groups 2022 (2/3) | BLAST Premier: Spring Finals 2022 Players sdy
100%
BLAST Premier: Fall Final 2023 | BLAST Premier: Spring Groups 2023 (2/3) | BLAST Premier: Spring Groups 2024 (1/4) | BLAST Premier: World Final 2023 Players Spinx
100%
BLAST Premier: Fall Groups 2022 (3/3) Team Team Liquid
100%
BLAST Premier: Fall 2020 | BLAST Premier: Fall 2020 Regular Season (2/3) | BLAST Premier: Fall Final 2023 | +5 others Team Team Vitality
100%
BLAST Premier: Fall Groups 2023 (3/3) | BLAST Premier: Spring Groups 2022 (3/3) | BLAST Premier: Spring Groups 2023 (1/3) Players Twistzz
100%
BLAST Premier: Fall 2020 | BLAST Premier: Fall 2020 Regular Season (2/3) | BLAST Premier: Fall Final 2023 | +5 others Players ZywOo
100%
BLAST Premier: Fall 2020 Regular Season (3/3) | BLAST Premier: Spring 2020 Regular Season (3/3) Players AMANEK
80%
BLAST Premier: Spring Groups 2021 (1/3) Team BIG
80%
BLAST Premier: Spring Groups 2022 (1/3) | BLAST Premier: Spring Groups 2023 (2/3) Players dupreeh
80%
BLAST Premier: Fall Groups 2022 (3/3) Players EliGE
80%
BLAST Premier: Spring Groups 2024 (4/4) Players fame
80%
BLAST Premier: Spring Groups 2024 (4/4) Players FL1T
80%
BLAST Premier: Fall 2020 Regular Season (3/3) | BLAST Premier: Spring 2020 Regular Season (3/3) | BLAST Premier: Spring Groups 2023 (3/3) | BLAST Premier: World Final 2022 Team G2 Esports
80%
BLAST Premier: Spring 2020 Regular Season (3/3) Players JACKZ
80%
BLAST Premier: Spring Groups 2024 (4/4) Players Jame
80%
BLAST Premier: Spring Groups 2021 (2/3) | BLAST Premier: Spring Groups 2023 (3/3) | BLAST Premier: World Final 2022 Players jks
80%
BLAST Premier: Spring Groups 2022 (1/3) | BLAST Premier: Spring Groups 2023 (2/3) Players Magisk
80%
BLAST Premier: Fall 2020 | BLAST Premier: Fall 2020 Regular Season (2/3) | BLAST Premier: Fall Groups 2021 (1/3) | BLAST Premier: Spring Groups 2022 (1/3) Players misutaaa
80%
BLAST Premier: Fall Groups 2022 (3/3) Players NAF
80%
BLAST Premier: Fall 2020 Regular Season (1/3) Players NBK-
80%
BLAST Premier: Fall 2020 Regular Season (3/3) | BLAST Premier: Fall Groups 2022 (1/3) | BLAST Premier: Spring 2020 Regular Season (3/3) | BLAST Premier: Spring Groups 2022 (2/3) Players nexa
80%
BLAST Premier: Fall 2020 Regular Season (3/3) | BLAST Premier: Spring 2020 Regular Season (1/3) | BLAST Premier: Spring Groups 2023 (3/3) | BLAST Premier: World Final 2022 Players NiKo
80%
BLAST Premier: Spring Groups 2022 (2/3) Players niko
80%
BLAST Premier: Fall 2020 | BLAST Premier: Fall 2020 Regular Season (2/3) Players RPK
80%
BLAST Premier: Fall 2020 | BLAST Premier: Fall 2020 Regular Season (2/3) | BLAST Premier: Fall Groups 2021 (1/3) Players shox
80%
BLAST Premier: Spring Groups 2024 (4/4) Team Virtus.pro
80%
BLAST Premier: Spring Groups 2024 (3/4) Players w0nderful
80%
BLAST Premier: Fall Groups 2023 (1/3) Players Brollan
60%
BLAST Premier: Fall Finals 2022 | BLAST Premier: Fall Groups 2023 (2/3) | BLAST Premier: Spring Final 2023 Players cadiaN
60%
BLAST Premier: Spring 2020 Regular Season (1/3) Players coldzera
60%
BLAST Premier: Fall Groups 2022 (1/3) Players degster
60%
BLAST Premier: Fall Groups 2021 (2/3) Players dev1ce
60%
BLAST Premier: Spring Groups 2023 (3/3) | BLAST Premier: World Final 2022 Players HooXi
60%
BLAST Premier: Fall 2020 Regular Season (3/3) | BLAST Premier: Spring 2020 Regular Season (3/3) | BLAST Premier: Spring Groups 2023 (3/3) | BLAST Premier: World Final 2022 Players huNter-
60%
BLAST Premier: Fall Groups 2023 (2/3) | BLAST Premier: Spring Final 2023 Players Jabbi
60%
BLAST Premier: Fall Finals 2022 Players jabbi
60%
BLAST Premier: Spring Groups 2021 (1/3) Players k1to
60%
BLAST Premier: Fall 2020 Regular Season (3/3) | BLAST Premier: Spring 2020 Regular Season (3/3) Players kennyS
60%
BLAST Premier: Spring Groups 2023 (3/3) | BLAST Premier: World Final 2022 Players m0NESY
60%
BLAST Premier: Spring Groups 2024 (4/4) Players mir
60%
BLAST Premier: Spring Groups 2024 (4/4) Players n0rb3r7
60%
BLAST Premier: Fall Groups 2022 (3/3) Players nitr0
60%
BLAST Premier: Fall Groups 2022 (3/3) Players oSee
60%
BLAST Premier: Fall Groups 2021 (2/3) | BLAST Premier: Fall Groups 2023 (1/3) Players REZ
60%
BLAST Premier: Fall Finals 2022 | BLAST Premier: Fall Groups 2023 (2/3) | BLAST Premier: Spring Final 2023 Players sjuush
60%
BLAST Premier: Fall Finals 2022 | BLAST Premier: Fall Groups 2023 (2/3) | BLAST Premier: Spring Final 2023 Players stavn
60%
BLAST Premier: Spring Groups 2021 (1/3) Players syrsoN
60%
BLAST Premier: Spring Groups 2021 (1/3) Players tabseN
60%
BLAST Premier: Fall Finals 2022 | BLAST Premier: Fall Groups 2023 (2/3) | BLAST Premier: Spring Final 2023 Players TeSeS
60%
BLAST Premier: Fall Groups 2022 (3/3) Players YEKINDAR
60%
BLAST Premier: Spring 2020 European Finals | BLAST Premier: Spring Groups 2021 (2/3) Players blameF
40%
BLAST Premier: Spring 2020 American Finals Players Brehze
40%
BLAST Premier: Spring 2020 American Finals Players CeRq
40%
BLAST Premier: Spring Groups 2023 (1/3) Players es3tag
40%
BLAST Premier: Spring 2020 American Finals Players Ethan
40%
BLAST Premier: Spring 2020 American Finals Team Evil Geniuses
40%
BLAST Premier: Fall Groups 2021 (2/3) | BLAST Premier: Fall Groups 2023 (1/3) Players hampus
40%
BLAST Premier: Fall Groups 2023 (1/3) | BLAST Premier: Spring 2020 European Finals | BLAST Premier: Spring Groups 2021 (2/3) Players k0nfig
40%
BLAST Premier: Fall Groups 2021 (1/3) Players Kyojin
40%
BLAST Premier: Fall Groups 2022 (1/3) Players NEOFRAG
40%
BLAST Premier: Spring 2020 European Finals Players oBo
40%
BLAST Premier: Fall Groups 2021 (2/3) Players Plopski
40%
BLAST Premier: Spring 2020 European Finals | BLAST Premier: Spring Groups 2021 (2/3) Players poizon
40%
BLAST Premier: Spring 2020 American Finals Players tarik
40%
BLAST Premier: Spring Groups 2021 (1/3) Players tiziaN
40%
BLAST Premier: Spring Groups 2021 (1/3) Players XANTARES
40%
BLAST Premier: Spring Finals 2021 Players Ax1le
20%
BLAST Premier: Fall Groups 2022 (1/3) Players f1ku
20%
BLAST Premier: Spring Finals 2021 Team Gambit Esports
20%
BLAST Premier: Fall Groups 2023 (1/3) Players headtr1ck
20%
BLAST Premier: Spring Finals 2021 Players hobbit
20%
BLAST Premier: Spring Finals 2021 Players interz
20%
BLAST Premier: Fall Groups 2021 (2/3) Players LNZ
20%
BLAST Premier: Fall 2020 Regular Season (1/3) | BLAST Premier: Spring Groups 2022 (2/3) Players mantuu
20%
BLAST Premier: Spring Finals 2021 Players nafany
20%
BLAST Premier: Spring 2020 European Finals | BLAST Premier: Spring Groups 2021 (2/3) Players RUSH
20%
BLAST Premier: Spring Finals 2021 Players sh1ro
20%
BLAST Premier: Spring 2020 American Finals Players stanislaw
20%
BLAST Premier: Fall 2020 Regular Season (1/3) | BLAST Premier: Spring Groups 2022 (2/3) Players valde
20%
BLAST Premier: Fall 2020 Regular Season (1/3) Players ISSAA
0%
No matching quizzes found
Score Distribution
Percent of People with Each Score
Percentile by Number Answered
Your Score History
You have not taken this quiz since the last reset